[Event "IRI-ch U14"]
[Site "Chess.com INT"]
[Date "2021.01.16"]
[Round "6"]
[White "Niazi, Sobhan"]
[Black "Yazdani, Mohammad Parsa"]
[Result "0-1"]
[WhiteElo "1118"]
[BlackElo "1398"]
[PlyCount "156"]
[EventDate "2021.01.16"]
[EventType "swiss"]
[EventRounds "11"]
[EventCountry "IRI"]
[SourceTitle "EXT 2022"]
[Source "ChessBase"]
[SourceDate "2021.10.06"]
[SourceVersion "1"]
[SourceVersionDate "2021.10.06"]
[SourceQuality "1"]

1. e4 e6 2. Nc3 d5 3. exd5 exd5 4. d4 c6 5. Nf3 Bd6 6. Be2 Bf5 7. Be3 Nf6 8. Ne5 Nfd7 9. Bf4 Qe7 10. Nxd7 Bxf4 11. Nc5 Bd6 12. Nd3 0-0 13. 0-0 Nd7 14. Re1 Qh4 15. g3 Qxd4 16. Bf3 Bxd3 17. Qxd3 Qxd3 18. cxd3 Ne5 19. Be2 d4 20. Ne4 Bb4 21. Red1 f5 22. Ng5 Rfe8 23. f4 Ng4 24. Bxg4 fxg4 25. Ne4 Re7 26. a3 Ba5 27. b4 Bb6 28. a4 a5 29. b5 cxb5 30. axb5 Rc7 31. Ra2 Rac8 32. Nd6 Rd8 33. Nc4 Bc5 34. Rxa5 Bb4 35. Ra7 Bc3 36. b6 Re7 37. Ne5 Rde8 38. Ra4 Re6 39. Rc4 Rxb6 40. Rc7 h5 41. Nc4 Rb4 42. Ne5 b5 43. Rb7 Rb2 44. Rb6 Ra8 45. Rb7 Raa2 46. Rb8+ Kh7 47. Nf7 Rg2+ 48. Kh1 Rxh2+ 49. Kg1 Rag2+ 50. Kf1 g6 51. Ng5+ Kg7 52. Ne4 Ra2 53. Kg1 Rhg2+ 54. Kf1 b4 55. Rb7+ Kf8 56. Rb8+ Ke7 57. Rb7+ Kd8 58. Rb8+ Kc7 59. Rb5 Rgb2 60. Kg1 b3 61. Rc5+ Kd7 62. Nxc3 dxc3 63. Rxc3 Rg2+ 64. Kf1 Rab2 65. d4 Rgf2+ 66. Kg1 Rf3 67. Rxf3 gxf3 68. Kf1 Rc2 69. Rb1 b2 70. d5 Rc1+ 71. Rxc1 bxc1Q+ 72. Kf2 Qd1 73. Ke3 Qe2+ 74. Kd4 f2 75. Kc5 f1Q 76. f5 Qc4+ 77. Kb6 Qb1+ 78. Ka5 Qca2# 0-1